000 01130nab a22002417a 4500
999 _c6059
_d6059
003 OSt
005 20260120235800.0
008 190514b xxu||||| |||| 00| 0 spa d
040 _cPJ
100 _95871
_aGalletti, Judith
245 1 3 _aLa adopción de personas mayores de edad. La posesión de estado de hija/o durante la menor edad /
_cJudith Galletti.
300 _ap. 213-221
500 _aCita: TR LALEY AR/DOC/247/2024.
505 _aSumario: I. Presentación del caso. Análisis de la plataforma fáctica.— II. Encuadre normativo del caso.— III. La adopción de personas mayores de edad.— IV. Colofón.
505 _tFallo comentado: JFamilia, Niñez y Adolescencia Nro. 6, Corrientes ~ 19/09/2023 ~ M., A. M. s/ situación.
650 0 _9967
_aDERECHO DE FAMILIA
650 0 _9888
_aSUCESIONES
650 0 _91100
_aCESION DE HERENCIA
650 0 _93433
_aCESIÓN DE DERECHOS
650 0 _91057
_aJURISPRUDENCIA APLICABLE
773 0 _02844
_93222
_dBuenos Aires : AbeledoPerrot, 1989-
_tDerecho de familia. Revista Interdisciplinaria de doctrina y jurisprudencia. Abril 2024-II.
_z18511201
942 _2udc
_cANA